000 00690cab a2200205 4500
001 ABS41346
008 090401t1989 xxu||||| |||| 00| 0 eng d
035 _a(Sirsi) u29652
041 _aeng
100 _aChevin, D.
245 _aSmart housekeeping
260 _c1989
350 _a0
490 _aBuilding
_v254(7616) 22 September 1989, 90-91(2)
520 _aReviews the benefits of Hypercard , a software system developed by Cambridge Architectural Research. The system is designed to programme the services of an " intelligent home " . Illustrates with diagrams.
650 _aCOMPUTERS
690 _aBUILDING AND CONSTRUCTION-COMPUTERS
942 _n0
948 _c04/03/1997
999 _c19950
_d19950